Estudio para la reducción de la contaminación acústica y la renovación urbana en Badía del Vallés : memoria memoria
Descripción Física:
5 dossiers : fot. col., taules, plànols ; 29 cm
MARC
| LEADER | 00000nam a2200000Ia 4500 | ||
|---|---|---|---|
| 001 | 22792, 22793, 22794, 22795, 22796 | ||
| 008 | 160829s2001 xx 000 0 cat d | ||
| 080 | |a C-3-318, C-3-319, C-3-320, C-3-321, C-3-322 | ||
| 245 | |a Estudio para la reducción de la contaminación acústica y la renovación urbana en Badía del Vallés : |b memoria | ||
| 260 | |a Barcelona : |b Diputació de Barcelona. Àrea de Medi Ambient. Servei del Medi Ambient, |c 2001 | ||
| 300 | |a 5 dossiers : |b fot. col., taules, plànols ; |c 29 cm | ||
| 590 | |a Conté: Anexo 1 (Estudio acústico); anexo 2 (planos); anexo 3 (fotografías 1974); anexo 4 (fotografías 2001) | ||
| 650 | 0 | |a Contaminació acústica |z Badia del Vallès (Catalunya) |9 45421 | |
| 710 | 1 | |a Barcelona (Catalunya : Província). |b Servei de Medi Ambient |9 53475 | |
| 901 | |a Arxiu | ||
| 942 | |n 1 | ||
| 952 | |0 0 |1 0 |4 0 |6 C3318_C3319_C3320_C3321_C3322 |7 1 |9 52588 |a Arxiu |b Arxiu |d 2016-12-01 |l 0 |o C-3-318, C-3-319, C-3-320, C-3-321, C-3-322 |p 22792, 22793, 22794, |r 2016-12-01 00:00:00 |w 2016-12-01 |y ARXIU | ||
| 999 | |c 56437 |d 56437 | ||